Філософія. Природа, проблематика, класичні розділи (Запис № 357789)

МАРК-запис
000 -Лідер
fixed length control field 00685nam a22002297a 4500
003 - Ідентифікатор контрольного номера
control field UA-OsUOA
001 - Контрольний номер
control field 71504
007 - Фіксоване поле фізичного опису
fixed length control field ta
008 - Елементи даних фіксованої довжини – загальна інформація
fixed length control field 20101113b un ||||| |||| 00| 0 ukr d
090 ## - Локальний шифр розміщення
Класифікаційний індекс УДК 101(075.8)
Авторський знак (НП) Ф68
040 ## - Джерело каталогізації
Агенція оригінальної каталогізації UA-OsUOA
Мова каталогізації ukr
Агенція, яка здійснювала перезапис UA-OsUOA
Агенція, яка здійснювала модифікацію UA-OsUOA
041 ## - Код мови
Код мови тексту/ звукової доріжки чи окремого заголовка (П) ukr
080 ## - Індекс Універсальної десяткової класифікації
Індекс Універсальної десяткової класифікації (УДК) (НП) 101(075.8)
020 ## - Міжнародний стандартний книжковий номер (ISBN)
Міжнародний стандартний книжковий номер (ISBN) (НП) 978-966-8019-90-6
245 ## - Відомості про назву
Назва (НП) Філософія. Природа, проблематика, класичні розділи
Решта назви (НП) навч. посібн.
Дані про відповідальність (НП) За ред. Волинки Г. І.
260 ## - Публікація, розповсюдження і т.п. (Вихідні дані)
Місце публікації, розповсюдження і т.п. (П) К.
Ім’я/ наймення видавництва, розповсюджувача і т.п. (П) Каравела
Дата публікації, розповсюдження і т.п. (П) 2009
300 ## - Фізичний опис
Обсяг 368 с.
650 #7 - Додаткове предметне введення – тематичний термін
Тематичний термін чи географічна назва, як елемент введення (НП) 1 Філософські науки
Джерело заголовка чи терміна UDC
942 ## - Додаткові елементи входу (Коха)
Тип елемента Koha Книги
955 ## - Код типу видання за змістом
Код типу видання за змістом (НП) Навчальні видання
Фонди
Стан вилучень Стан втрат Джерело класифікації або схеми стелажів Стан уражень Не для кредиту Постійне місце розташування Поточне розміщення Дата придбання Джерело придбання Вартість, звичайна ціна покупки Інвентарний номер Усього замовленно Повний номер виклику Штрих-код Дата останнього перегляду Ціна ефективна від Тип елемента Koha
    Universal Decimal Classification     ЧЗ - Читальна зала ЧЗ - Читальна зала 13/11/2010 96/2010 55.00 129905   101(075.8) Ф68 129905 09/02/2022 13/11/2010 Книги
    Universal Decimal Classification     ЧЗ - Читальна зала ЧЗ - Читальна зала 13/11/2010 96/2010 55.00 129906   101(075.8) Ф68 129906 09/02/2022 13/11/2010 Книги
    Universal Decimal Classification     ЧЗ - Читальна зала ЧЗ - Читальна зала 13/11/2010 96/2010 55.00 129907   101(075.8) Ф68 129907 06/02/2022 13/11/2010 Книги
    Universal Decimal Classification     ЧЗ - Читальна зала ЧЗ - Читальна зала 13/11/2010 96/2010 55.00 129908   101(075.8) Ф68 129908 06/02/2022 13/11/2010 Книги
    Universal Decimal Classification     ЧЗ - Читальна зала ЧЗ - Читальна зала 13/11/2010 96/2010 55.00 129909   101(075.8) Ф68 129909 06/02/2022 13/11/2010 Книги
    Universal Decimal Classification     ЧЗ - Читальна зала ЧЗ - Читальна зала 13/11/2010 96/2010 55.00 129910   101(075.8) Ф68 129910 06/02/2022 13/11/2010 Книги
    Universal Decimal Classification     ЧЗ - Читальна зала ЧЗ - Читальна зала 13/11/2010 96/2010 55.00 129911   101(075.8) Ф68 129911 06/02/2022 13/11/2010 Книги
    Universal Decimal Classification     ЧЗ - Читальна зала ЧЗ - Читальна зала 13/11/2010 96/2010 55.00 129912   101(075.8) Ф68 129912 06/02/2022 13/11/2010 Книги
    Universal Decimal Classification     ЧЗ - Читальна зала ЧЗ - Читальна зала 13/11/2010 96/2010 55.00 129913   101(075.8) Ф68 129913 09/02/2022 13/11/2010 Книги
    Universal Decimal Classification     ЧЗ - Читальна зала ЧЗ - Читальна зала 13/11/2010 96/2010 55.00 129914   101(075.8) Ф68 129914 09/02/2022 13/11/2010 Книги
    Universal Decimal Classification     ЧЗ - Читальна зала ЧЗ - Читальна зала 18/11/2010 100 50.00 129966   101(075.8) Ф68 129966 09/02/2022 13/11/2010 Книги